000 01027nam a2200205 i 4500
001 82277
003 ES-MaACL
007 t|
008 041214s2002 sp ||||1| spa d
080 _a7.033.4(086)
245 0 0 _aTiempo de monjes y guerreros [
_hRecurso electrónico]
_b: Arte románico.
260 _aMadrid :
_bDolmen,
_c[2000]
300 _a1 disco compacto (CD-ROM) :
_bson., col. ;
_c12 cm.
490 1 _aLos grandes momentos del arte ;
_v5
500 _aCaracterísticas del sistema: Ordenador PC Compatible con sistema Operativo Windows 95 o posterior; Procesador Pentium II a 200 Mhz, o superior; Memoria RAM 32 MB o más; Tarjeta gráfica 4 MB (debe soportar 1024x768 pixels a 16 bits de color); Monitor XVGA, capaz de funcionar a resolución de 1024x768, con capacidad de sonido digitalizado y MIDI; Espacio libre en Disco duro de 10 MB o más.
650 1 4 _aArte románico-
_vCD-ROM.
_910304
830 0 _aLos grandes momentos del arte ;
_v5
_9183747
852 _aES-MaACL
_jROT 1/1/12
999 _c82277
_d82277